[Event "FIDE Womens Grand Swiss 2021"]
[Site "Riga"]
[Date "2021.11.05"]
[Round "9.10"]
[White "Vaishali R"]
[Black "Cramling, Pia"]
[Result "1/2-1/2"]
[WhiteElo "2419"]
[BlackElo "2447"]
[Annotator "NA"]
[PlyCount "85"]
[EventDate "2021.10.27"]
[EventType "swiss"]
[EventCountry "LAT"]
[Tiebreak "Cut1 Buchholz+Sonneborn-Berger (Swiss)"]
[SourceTitle "playchess.com"]
[Source "ChessBase"]
[SourceQuality "1"]
[TimeControl "40/6000+30:20/3000+30:900+30"]

1. e4 {[%emt 0:13:11]} c5 {[%emt 0:10:17]} 2. Nf3 {[%emt 0:00:19]} Nc6 {
[%emt 0:00:13]} 3. Bb5 {[%emt 0:00:32]} g6 {[%emt 0:00:11]} 4. O-O {[%emt 0:00:
10]} Bg7 {[%emt 0:00:09]} 5. c3 {[%emt 0:00:19]} Nf6 {[%emt 0:01:16]} 6. Re1 {
[%emt 0:04:02]} a6 {[%emt 0:00:54]} 7. Bxc6 {[%emt 0:04:35]} dxc6 {[%emt 0:00:
11]} 8. d4 {[%emt 0:02:03]} cxd4 {[%emt 0:02:42]} 9. cxd4 {[%emt 0:00:03]} Bg4
{[%emt 0:01:02]} 10. Nbd2 {[%emt 0:04:26]} e5 {[%emt 0:16:23]} 11. dxe5 {
[%emt 0:09:02]} Nd7 {[%emt 0:01:59]} 12. Nc4 {[%emt 0:18:11]} O-O {[%emt 0:01:
33]} 13. Bf4 {[%emt 0:13:11]} b5 {[%emt 0:09:51]} 14. Ne3 {[%emt 0:01:30]} Bxf3
{[%emt 0:03:56]} 15. Qxf3 {[%emt 0:00:05]} Nxe5 {[%emt 0:01:21]} 16. Bxe5 {
[%emt 0:02:46]} Bxe5 {[%emt 0:00:08]} 17. Rac1 {[%emt 0:00:21]} Rc8 {[%emt 0:
03:05]} 18. Re2 {[%emt 0:03:26]} Qd7 {[%emt 0:22:31]} 19. Ng4 {[%emt 0:04:38]}
Rfe8 {[%emt 0:01:06]} 20. Nxe5 {[%emt 0:03:54]} Rxe5 {[%emt 0:00:05]} 21. Qa3 {
[%emt 0:00:27]} Rce8 {[%emt 0:03:26]} 22. Qxa6 {[%emt 0:06:13]} Rxe4 {[%emt 0:
00:19]} 23. Rxe4 {[%emt 0:00:04]} Rxe4 {[%emt 0:00:07]} 24. h3 {[%emt 0:00:13]}
Qd6 {[%emt 0:05:26]} 25. g3 {[%emt 0:04:04]} Qd5 {[%emt 0:01:45]} 26. Qa8+ {
[%emt 0:03:26]} Kg7 {[%emt 0:00:13]} 27. Qa5 {[%emt 0:00:36]} h5 {[%emt 0:09:
22]} 28. h4 {[%emt 0:03:58]} Re2 {[%emt 0:01:44]} 29. b3 {[%emt 0:02:15]} Kh7 {
[%emt 0:02:29]} 30. Qc3 {[%emt 0:06:11]} Rd2 {[%emt 0:03:41]} 31. Qf6 {[%emt 0:
00:43]} c5 {[%emt 0:03:19]} 32. a4 {[%emt 0:01:00]} bxa4 {[%emt 0:01:06]} 33.
bxa4 {[%emt 0:00:02]} c4 {[%emt 0:00:22]} 34. a5 {[%emt 0:00:42]} Rd3 {[%emt 0:
00:56]} 35. a6 {[%emt 0:00:45]} c3 {[%emt 0:01:51]} 36. a7 {[%emt 0:00:30]} c2
{[%emt 0:02:22]} 37. a8=Q {[%emt 0:00:13]} Rd1+ {[%emt 0:00:35]} 38. Kh2 {
[%emt 0:00:03]} Qxa8 {[%emt 0:00:15]} 39. Qxf7+ {[%emt 0:00:02]} Kh6 {[%emt 0:
00:46]} 40. Qf4+ {[%emt 0:00:03]} Kh7 {[%emt 0:00:37]} 41. Qf7+ {[%emt 0:50:10]
} Kh6 {[%emt 0:50:42]} 42. Qf4+ {[%emt 0:00:00]} Kh7 {[%emt 0:00:00]} 43. Qf7+
{[%emt 0:00:00]} 1/2-1/2

[Event "FIDE Womens Grand Swiss 2021"]
[Site "Riga"]
[Date "2021.11.05"]
[Round "9.11"]
[White "Munguntuul, Batkhuyag"]
[Black "Buksa, Nataliya"]
[Result "1-0"]
[WhiteElo "2433"]
[BlackElo "2409"]
[Annotator "NA"]
[PlyCount "97"]
[EventDate "2021.10.27"]
[EventType "swiss"]
[EventCountry "LAT"]
[Tiebreak "Cut1 Buchholz+Sonneborn-Berger (Swiss)"]
[SourceTitle "playchess.com"]
[Source "ChessBase"]
[SourceQuality "1"]
[TimeControl "40/6000+30:20/3000+30:900+30"]

1. e4 {[%emt 0:10:03]} e5 {[%emt 0:11:44]} 2. Nf3 {[%emt 0:00:06]} Nc6 {
[%emt 0:00:04]} 3. Bb5 {[%emt 0:00:06]} a6 {[%emt 0:00:04]} 4. Ba4 {[%emt 0:00:
05]} Nf6 {[%emt 0:00:05]} 5. d3 {[%emt 0:00:13]} d6 {[%emt 0:00:25]} 6. c3 {
[%emt 0:08:59]} g6 {[%emt 0:00:05]} 7. O-O {[%emt 0:00:19]} Bg7 {[%emt 0:00:02]
} 8. Nbd2 {[%emt 0:00:20]} O-O {[%emt 0:00:05]} 9. Re1 {[%emt 0:00:28]} Re8 {
[%emt 0:00:58]} 10. d4 {[%emt 0:06:09]} b5 {[%emt 0:00:53]} 11. Bc2 {[%emt 0:
04:25]} exd4 {[%emt 0:01:22]} 12. cxd4 {[%emt 0:00:05]} Nb4 {[%emt 0:00:12]}
13. Bb1 {[%emt 0:01:27]} c5 {[%emt 0:04:19]} 14. a3 {[%emt 0:13:07]} Nc6 {
[%emt 0:00:14]} 15. d5 {[%emt 0:00:08]} Ne5 {[%emt 0:21:22]} 16. Nxe5 {[%emt 0:
00:45]} Rxe5 {[%emt 0:00:03]} 17. Bc2 {[%emt 0:07:45]} Re8 {[%emt 0:09:17]} 18.
a4 {[%emt 0:13:09]} Rb8 {[%emt 0:04:02]} 19. h3 {[%emt 0:05:33]} Rb7 {[%emt 0:
02:26]} 20. axb5 {[%emt 0:08:27]} axb5 {[%emt 0:00:06]} 21. Nb3 {[%emt 0:00:26]
} Qb6 {[%emt 0:09:55]} 22. Ra8 {[%emt 0:11:38]} Rbe7 {[%emt 0:11:20]} 23. Bg5 {
[%emt 0:04:01]} h6 {[%emt 0:03:58]} 24. Bh4 {[%emt 0:00:12]} Bb7 {[%emt 0:05:
23]} 25. Rxe8+ {[%emt 0:00:16]} Rxe8 {[%emt 0:00:02]} 26. Nd2 {[%emt 0:03:15]}
Nd7 {[%emt 0:01:18]} 27. b3 {[%emt 0:02:45]} Ra8 {[%emt 0:00:11]} 28. Bb1 {
[%emt 0:01:35]} Qa5 {[%emt 0:03:50]} 29. Bg3 {[%emt 0:00:50]} Qa6 {[%emt 0:00:
23]} 30. Qe2 {[%emt 0:01:05]} Qb6 {[%emt 0:01:27]} 31. Kh2 {[%emt 0:00:24]} Ba6
{[%emt 0:02:22]} 32. f4 {[%emt 0:00:45]} Re8 {[%emt 0:01:15]} 33. Bd3 {[%emt 0:
02:46]} Qa5 {[%emt 0:03:52]} 34. Nf3 {[%emt 0:00:54]} Nf6 {[%emt 0:01:21]} 35.
Qf2 {[%emt 0:00:47]} c4 {[%emt 0:02:11]} 36. bxc4 {[%emt 0:00:10]} bxc4 {
[%emt 0:00:03]} 37. Bc2 {[%emt 0:00:09]} Nh5 {[%emt 0:00:12]} 38. f5 {[%emt 0:
03:37]} Nxg3 {[%emt 0:09:23]} 39. fxg6 {[%emt 0:00:02]} Nf1+ {[%emt 0:03:13]}
40. Rxf1 {[%emt 0:00:11]} fxg6 {[%emt 0:00:03]} 41. Qg3 {[%emt 0:51:35]} Qc7 {
[%emt 0:35:06]} 42. Qxg6 {[%emt 0:00:00]} Qf7 {[%emt 0:00:05]} 43. Qxd6 {
[%emt 0:00:00]} Be5+ {[%emt 0:06:02]} 44. Nxe5 {[%emt 0:00:00]} Qxf1 {[%emt 0:
00:02]} 45. Qg6+ {[%emt 0:00:00]} Kf8 {[%emt 0:00:02]} 46. Qxh6+ {[%emt 0:00:
00]} Kg8 {[%emt 0:00:21]} 47. Qg5+ {[%emt 0:00:00]} Kf8 {[%emt 0:00:34]} 48.
Nd7+ {[%emt 0:00:00]} Kf7 {[%emt 0:00:03]} 49. e5 {[%emt 0:00:00]} 1-0

[Event "FIDE Womens Grand Swiss 2021"]
[Site "Riga"]
[Date "2021.11.05"]
[Round "9.12"]
[White "Zawadzka, Jolanta"]
[Black "Girya, Olga"]
[Result "1/2-1/2"]
[WhiteElo "2428"]
[BlackElo "2410"]
[Annotator "TA"]
[PlyCount "55"]
[EventDate "2021.10.27"]
[EventType "swiss"]
[EventCountry "LAT"]
[Tiebreak "Cut1 Buchholz+Sonneborn-Berger (Swiss)"]
[SourceTitle "playchess.com"]
[Source "ChessBase"]
[SourceQuality "1"]

{[%evp 18,55,0,-2,-8,-22,8,-10,-8,-14,-6,-4,-6,-9,0,-26,-14,-46,-25,-48,-38,
-36,-11,-11,0,0,0,0,0,0,0,0,0,0,0,0,0,0,0,0]} 1. e4 e5 2. Nf3 Nc6 3. Bc4 Bc5 4.
c3 Nf6 5. d4 exd4 6. e5 d5 7. Be2 Ne4 8. cxd4 Bb4+ 9. Bd2 Nxd2 10. Nbxd2 O-O {
C54: Giuoco Piano: 4 c3 Nf6, main lines with 5 d4 and 5 d3.} 11. O-O Ba5 12.
Rc1 {[#]} Bb6 $146 ({Predecessor:} 12... Bg4 13. Nb3 Bb6 14. h3 Bh5 15. Re1 Ne7
16. Nc5 Bxc5 17. Rxc5 c6 18. Nh4 Bg6 19. Bd3 Qd7 20. Qf3 Rac8 21. Rec1 {
1/2-1/2 (20) Belus,B (1987)-Foglar,I (2065) Slovakia 2010}) 13. Nb3 Qe7 14. h3
Nd8 {[%cal Bc6d8,Bd8e6,Be6d4][%mdl 32]} 15. Bd3 Ne6 16. Bb1 Bd7 17. Nh2 Qh4 18.
Ng4 Ba4 19. Kh2 Bxb3 20. axb3 {The position is equal.} Nxd4 ({Don't play} 20...
Bxd4 $6 21. f4 $16) 21. g3 Qe7 22. Bxh7+ Kxh7 23. Nf6+ $1 gxf6 24. Qh5+ Kg7 25.
Qg4+ Kh7 26. Qh5+ Kg7 27. Qg4+ Kh7 28. Qh5+ {Weighted Error Value: White=0.07/
Black=0.06} 1/2-1/2

[Event "FIDE Womens Grand Swiss 2021"]
[Site "Riga"]
[Date "2021.11.05"]
[Round "9.13"]
[White "Shuvalova, Polina"]
[Black "Maltsevskaya, Aleksandra"]
[Result "1-0"]
[WhiteElo "2509"]
[BlackElo "2411"]
[Annotator "TA"]
[PlyCount "69"]
[EventDate "2021.10.27"]
[EventType "swiss"]
[EventCountry "LAT"]
[Tiebreak "Cut1 Buchholz+Sonneborn-Berger (Swiss)"]
[SourceTitle "playchess.com"]
[Source "ChessBase"]
[SourceQuality "1"]

{[%evp 9,69,10,12,7,16,2,17,0,0,0,0,0,13,20,19,11,58,14,139,137,158,165,150,
160,158,155,365,357,365,371,498,403,627,527,521,486,626,621,691,685,810,741,
668,489,504,504,504,504,504,504,504,504,504,504,498,493,570,566,645,640,776,
753]} 1. e4 c6 2. d4 d5 3. e5 Bf5 4. h4 h5 5. Bd3 Bxd3 6. Qxd3 {B12: Caro-Kann:
Advance Variation.} Qa5+ {outshines the older 6...e6.} 7. Nd2 {Threatening e6!}
e6 8. Ngf3 {The position is equal.} Qa6 9. c4 Bb4 10. b3 Nh6 11. O-O Nf5 12.
Rd1 {[#]} c5 $146 ({Predecessor:} 12... Nd7 13. Bb2 Nb6 14. g3 Rd8 15. a3 Bxd2
16. Nxd2 dxc4 17. Nxc4 Qb5 18. Nxb6 Qxb6 {0-1 (42) Stork,C (1905)-Piliposyan,R
(2156) Bratislava 2019}) 13. dxc5 (13. Qb1 {seems wilder.} Nxd4 14. Nxd4 cxd4
15. cxd5 Qe2 16. Bb2) 13... Bxc5 {[#]} (13... Nc6 $11) 14. Ne4 $1 $16 {[%cal
Re4c5][%mdl 512]} Be7 (14... Bb6 15. cxd5) 15. cxd5 {Threatens to win with
Qxa6.} Qxd3 16. Rxd3 exd5 17. Rxd5 Nxh4 $2 {[#] This move loses the game for
Black.} (17... O-O $16 18. Bb2 Nc6) 18. Nxh4 $18 Bxh4 19. Nd6+ Ke7 20. Rd4 g5 (
20... Bxf2+ $142 21. Kxf2 Nc6) 21. g3 {White is clearly winning.} Nc6 22. Re4
Rag8 23. Bb2 Ke6 24. Nxb7 Rh6 25. Rd1 Kf5 26. Nd6+ Rxd6 27. Rxd6 ({Not} 27.
exd6 Kxe4 28. d7 (28. gxh4 gxh4+ 29. Kh2 Kf5 $16) 28... Bxg3 $18) 27... Kxe4
28. Rxc6 Bxg3 29. fxg3 {[%mdl 4096] Endgame KRB-KR} Rd8 {intending ...Rd1+.}
30. Rd6 Rc8 {Now ...Rc2 and Black clings on.} 31. Rf6 Rc7 32. Rf2 a5 33. Kg2
Kd3 34. Ba3 h4 35. Bd6 {Weighted Error Value: White=0.23/Black=0.49} 1-0

[Event "FIDE Womens Grand Swiss 2021"]
[Site "Riga"]
[Date "2021.11.05"]
[Round "9.14"]
[White "Gunina, Valentina"]
[Black "Garifullina, Leya"]
[Result "0-1"]
[WhiteElo "2462"]
[BlackElo "2409"]
[Annotator "TA"]
[PlyCount "76"]
[EventDate "2021.10.27"]
[EventType "swiss"]
[EventCountry "LAT"]
[Tiebreak "Cut1 Buchholz+Sonneborn-Berger (Swiss)"]
[SourceTitle "playchess.com"]
[Source "ChessBase"]
[SourceQuality "1"]

{[%evp 17,76,26,47,8,18,18,3,8,29,25,25,20,32,17,22,-20,-26,-21,-10,-26,-18,
-40,-33,-97,-75,-112,-124,-100,-61,-158,-160,-142,-74,-268,-261,-262,-262,-419,
-408,-460,-423,-953,-866,-835,-761,-731,-724,-1253,-917,-1247,-1229,-1202,
-1213,-1208,-1195,-1180,-1175,-856,-659,-29993,-29994]} 1. e4 e5 2. Nf3 Nc6 3.
Bb5 a6 4. Ba4 Nf6 5. O-O Nxe4 6. d4 b5 7. Bb3 d5 8. dxe5 Be6 9. c3 Be7 10. h3 {
C83: Open Ruy Lopez: 9 c3 Be7.} O-O 11. Nbd2 Qd7 12. Re1 {[#] The position is
equal.} Nxd2 $146 ({Predecessor:} 12... Nc5 13. Bc2 d4 14. cxd4 Nxd4 15. Nxd4
Qxd4 16. Qh5 Nd3 17. Bxd3 Qxd3 18. Ne4 Rad8 {1-0 (61) Bologan,V (2682)
-Fressinet,L (2624) Bastia 2005}) 13. Qxd2 Rad8 14. Bc2 Bf5 15. Bxf5 Qxf5 16.
Nd4 Nxd4 17. cxd4 c5 18. dxc5 Bxc5 19. b4 Bb6 20. Bb2 {[#]} ({White should try
} 20. Qf4 $15 Qc2 21. Be3) 20... d4 $1 $17 21. Rac1 Rc8 22. a3 h6 23. f4 ({
Don't blunder} 23. Bxd4 $2 {[#]} Rfd8 $1 $19) (23. g4 $1 $15 Qf3 24. Bxd4 Bxd4
25. Qxd4) 23... d3+ 24. Kh2 h5 (24... Rfd8 $142 {...Rc2 is the strong threat.}
25. Rc3 Rc4) 25. Rf1 $2 {This move loses the game for White.} (25. e6 $17 {
might work better.} Rxc1 26. Bxc1) 25... Rc2 $19 26. Rxc2 dxc2 27. Qc3 (27. e6
$142 fxe6 28. Rc1) 27... Rc8 28. Qf3 Rd8 29. Re1 (29. Qe2 $142) 29... Rd3 30.
Qf1 Rd2 {Strongly threatening ...Rf2!} 31. Qf3 Rf2 32. Qa8+ Kh7 33. Bc1 Rxf4
34. Qc6 Bf2 35. Re2 h4 {( -> ...Bg3+)} 36. g4 hxg3+ 37. Kg2 Rc4 38. Qb7 Rh4 {
Weighted Error Value: White=0.74/Black=0.15} 0-1

[Event "FIDE Womens Grand Swiss 2021"]
[Site "Riga"]
[Date "2021.11.05"]
[Round "9.15"]
[White "Abdumalik, Zhansaya"]
[Black "Melia, Salome"]
[Result "1/2-1/2"]
[WhiteElo "2507"]
[BlackElo "2371"]
[Annotator "ChessBase"]
[PlyCount "63"]
[EventDate "2021.10.27"]
[EventType "swiss"]
[EventCountry "LAT"]
[Tiebreak "Cut1 Buchholz+Sonneborn-Berger (Swiss)"]
[SourceTitle "playchess.com"]
[Source "ChessBase"]
[SourceQuality "1"]
[TimeControl "40/6000+30:20/3000+30:900+30"]

1. e4 {[%emt 0:10:03]} c6 {[%emt 0:10:02]} 2. Nf3 {[%emt 0:01:01]} d5 {[%emt 0:
00:19]} 3. d3 {[%emt 0:00:05]} dxe4 {[%emt 0:00:21]} 4. dxe4 {[%emt 0:00:06]}
Qxd1+ {[%emt 0:00:08]} 5. Kxd1 {[%emt 0:00:04]} Nf6 {[%emt 0:00:23]} 6. Nfd2 {
[%emt 0:01:09]} g5 {[%emt 0:00:12]} 7. f3 {[%emt 0:03:49]} h5 {[%emt 0:03:23]}
8. h4 {[%emt 0:09:33]} g4 {[%emt 0:00:51]} 9. Nc3 {[%emt 0:00:51]} Bh6 {
[%emt 0:05:35]} 10. a4 {[%emt 0:01:58]} Be6 {[%emt 0:09:38]} 11. Ne2 {[%emt 0:
11:29]} gxf3 {[%emt 0:03:14]} 12. gxf3 {[%emt 0:02:08]} Nbd7 {[%emt 0:00:31]}
13. Nd4 {[%emt 0:05:07]} Ne5 {[%emt 0:11:19]} 14. Nxe6 {[%emt 0:10:00]} fxe6 {
[%emt 0:00:55]} 15. Ke2 {[%emt 0:00:09]} Nfd7 {[%emt 0:08:08]} 16. Bh3 {
[%emt 0:08:10]} Ng6 {[%emt 0:11:46]} 17. Nb3 {[%emt 0:01:03]} Bxc1 {[%emt 0:01:
05]} 18. Raxc1 {[%emt 0:04:50]} Rf8 {[%emt 0:09:24]} 19. Nd4 {[%emt 0:08:29]}
Rf6 {[%emt 0:00:54]} 20. Rcg1 {[%emt 0:06:25]} Ndf8 {[%emt 0:02:48]} 21. Rg5 {
[%emt 0:02:09]} Nf4+ {[%emt 0:07:26]} 22. Ke3 {[%emt 0:02:30]} Rd8 {[%emt 0:00:
09]} 23. Bf1 {[%emt 0:06:31]} N8g6 {[%emt 0:09:04]} 24. e5 {[%emt 0:02:23]} Rf8
{[%emt 0:01:48]} 25. Nxe6 {[%emt 0:05:11]} Nxe6 {[%emt 0:00:44]} 26. Rxg6 {
[%emt 0:00:04]} Nd4 {[%emt 0:02:48]} 27. Bd3 {[%emt 0:01:55]} Nxf3 {[%emt 0:01:
59]} 28. e6 {[%emt 0:00:56]} Ne5 {[%emt 0:03:54]} 29. Rg5 {[%emt 0:05:11]} Nxd3
{[%emt 0:00:18]} 30. cxd3 {[%emt 0:00:05]} Rd6 {[%emt 0:00:27]} 31. Re5 {
[%emt 0:02:02]} Rf6 {[%emt 0:01:01]} 32. Rxh5 {[%emt 0:00:21]} 1/2-1/2

[Event "FIDE Womens Grand Swiss 2021"]
[Site "Riga"]
[Date "2021.11.05"]
[Round "9.16"]
[White "Atalik, Ekaterina"]
[Black "Bivol, Alina"]
[Result "1-0"]
[WhiteElo "2420"]
[BlackElo "2392"]
[Annotator "TA"]
[PlyCount "213"]
[EventDate "2021.10.27"]
[EventType "swiss"]
[EventCountry "LAT"]
[Tiebreak "Cut1 Buchholz+Sonneborn-Berger (Swiss)"]
[SourceTitle "playchess.com"]
[Source "ChessBase"]
[SourceQuality "1"]

{[%evp 11,213,0,0,-12,-6,-15,-3,-23,-8,-11,-4,-14,9,-38,0,0,0,0,6,0,4,15,15,
-19,-19,-35,0,0,0,0,0,0,22,-15,-12,-8,0,0,0,-5,0,-11,-20,-32,0,0,0,-17,0,0,20,
0,0,-193,-209,-215,-212,-241,-167,-222,-225,-193,-65,-59,-49,-49,-34,-34,-36,
-60,-52,-134,-101,-112,-25,-31,-26,-43,-27,-34,-41,-27,-35,-38,0,0,0,-61,0,0,0,
0,0,0,0,-30,0,-79,-79,-68,-68,-71,0,0,0,0,0,0,0,0,0,0,0,0,0,0,0,0,0,0,0,0,0,0,
0,0,0,0,0,0,0,0,0,0,0,0,0,0,0,0,0,0,0,-369,-369,-354,-354,-347,-347,-337,-279,
-334,-327,-316,-306,-289,-264,-245,-223,-685,-666,-333,-156,-216,-216,-199,
-197,-299,-129,-293,-284,-268,-270,-270,-269,-250,-235,-222,-137,-144,0,0,0,0,
29986,0,0,0,0,0,0,0,12840,12840,12846,12845,12845,12845,12845,12846,12846,
12847,12847,12847]} 1. d4 d5 2. Nf3 Nf6 3. Bf4 e6 4. c3 c5 5. Nbd2 Nc6 6. e3
Nh5 7. Bg3 {D02: 1 d4 d5 2 Nf3 sidelines, including 2...Nf6 3 g3 and 2...Nf6 3
Bf4.} Nxg3 8. hxg3 g6 9. Bd3 {The position is equal.} cxd4 10. exd4 Bg7 11. Qe2
Bd7 12. Nf1 {[#]} Qe7 $146 ({Predecessor:} 12... Qf6 13. Ne3 O-O-O 14. O-O-O h5
15. Kb1 Kb8 16. Rde1 Bh6 17. Qc2 Bc8 18. Nd1 Bf8 {1/2-1/2 (31) Paul,E (1770)
-Ruf,W Bad Woerishofen 1996}) 13. Ne3 O-O-O 14. O-O-O Kb8 15. Kb1 Bc8 16. Bb5
Qc7 17. Rh4 h5 18. Rdh1 Bf6 19. R4h2 Bg7 20. g4 {[%cal Rg4h5]} hxg4 21. Nxg4
Ne7 22. Bd3 f6 23. Rxh8 Rxh8 24. Rxh8 Bxh8 25. Ne3 e5 26. Bc2 e4 27. Ne1 Be6
28. g3 f5 29. Bb3 Bf7 30. N1c2 g5 31. Qb5 {[%cal Re3d5]} a6 32. Qb4 (32. Qf1 $1
$11 {and White stays safe.}) 32... f4 $19 33. gxf4 gxf4 34. Nxd5 Bxd5 35. Bxd5
Nxd5 36. Qf8+ Qc8 (36... Ka7 $1 $19 37. Qxh8 Qc4) 37. Qd6+ $15 Nc7 38. Qxf4 Ka7
39. Qxe4 Qg8 40. Qh1 Bf6 41. b3 (41. Ne3 $15) 41... Qg6 42. Kb2 Qd3 (42... Qf5
$17 {White must now prevent ...Nd5.} 43. Qf1 Nd5) 43. Qh5 $11 Ne6 44. Qd5 Qe2
45. f4 Bd8 46. Qe5 {[%cal Re5e2]} ({But not} 46. f5 $2 Nf4 $19) 46... Qg4 47.
Ne3 $1 {[%cal Re3g4]} Qe2+ 48. Nc2 Qg4 $36 {[%mdl 2048] Black is pushing.} 49.
Ne3 $1 {[%cal Re3g4]} Qg8 (49... Qxf4 $15 50. Qxe6 Bg5) 50. Nd5 Qf7 {White
should prevent ...Nxf4!} 51. f5 Nc7 52. Nxc7 Bxc7 53. Qe4 (53. Qe6 {feels
hotter.} Qh5 54. b4 Bf4 55. Qe4 Qh2+ 56. Kb3) 53... Qh7 54. a4 (54. b4 $1 $11)
54... Qh2+ $1 $17 55. Qc2 Qf4 56. b4 Bd6 (56... Qf3 $1 $17) 57. Qd3 $1 $11 Bf8
58. Kb3 Kb8 59. a5 Bd6 60. Qh3 Ka7 61. Qd3 Be7 62. Qe2 Bh4 63. Qe5 Qh6 64. Qc5+
Kb8 65. Qe5+ Ka8 66. Qc7 Qf8 67. Qe5 Qg8+ 68. d5 Qd8 69. Qe6 Be7 70. c4 Qc7 71.
Qg8+ Ka7 72. Qg7 Qd6 73. Qd4+ Ka8 74. c5 Qg3+ 75. Qc3 Qg2 76. d6 Bg5 77. Qd3 $2
{[%mdl 8192]} (77. Qh8+ $11 {and White is okay.} Ka7 78. Qd4 Qf3+ 79. Ka4)
77... Bf6 $19 78. Qc2 Qd5+ 79. Ka4 Ka7 80. Ka3 Kb8 81. Ka4 Qc6+ 82. Ka3 Qf3+
83. Ka4 Qf1 84. Kb3 Kc8 85. Qe4 $2 (85. Ka4) 85... Qd1+ 86. Kc4 Kb8 (86... Kd8
$19 87. Qg2 (87. Qxb7 {is a self mate.} Qd4+ 88. Kb3 Qc3+ 89. Ka4 Qc2+ {
[%mdl 64] Double Attack} 90. Ka3 Qb2+ 91. Ka4 Qa2#) 87... Qd4+ 88. Kb3 Qd3+ 89.
Ka4 Qd1+ 90. Ka3 Qa1+ 91. Kb3 Qc3+ 92. Ka4 Qc4) 87. Qe8+ (87. Qd3 $17 {might
work better.} Qa1 88. Qc2) 87... Ka7 88. Qe4 {[#]} Qd2 $1 89. Qd3 (89. Qg4 {
was the only defense.}) 89... Qa2+ 90. Qb3 {[#]} Qg2 $1 {[%cal Rg2e4]} 91. Qd3
Qg8+ 92. Qd5 Qg4+ 93. Kb3 Qh3+ 94. Ka4 {intending c6.} Qh2 95. Qb3 Qf2 (95...
Qd2 $17 {aiming for ...Bb2.} 96. Qc4 Qd1+ 97. Ka3 Qa1+ 98. Kb3 Qb1+ 99. Ka4 Bg5
) 96. c6 $1 $11 {[%cal Rc6c7]} Qe2 {Threatens to win with ...Bb2.} (96... Qd4
$5 97. c7 $8 Qa1+ 98. Qa3 Qd1+ 99. Qb3 Qa1+ 100. Qa3 Qd1+ 101. Qb3 Qa1+ $11)
97. c7 Qb5+ 98. Ka3 {Intending Qe3+ and mate.} Qc6 99. Qe3+ Ka8 100. Qd3 {
Strongly threatening Kb3.} b5 {( -> ...Qc1+)} 101. axb6 {[%cal Rd3a6]} Qc1+ $2
{[%mdl 8192]} (101... Kb7 $11) 102. Kb3 $18 {[%cal Rd3a6] White is clearly
winning.} Qb2+ 103. Kc4 {[%cal Rc7c8]} Qc1+ 104. Kd5 {[%cal Rd3a6]} Kb7 105.
Ke6 {Threatening mate with Qd5+.} Bb2 106. Qd5+ Kxb6 107. Qc5+ {[%mdl 64]
Promotion.  Weighted Error Value: White=0.16/Black=0.15} 1-0

[Event "FIDE Womens Grand Swiss 2021"]
[Site "Riga"]
[Date "2021.11.05"]
[Round "9.17"]
[White "Sargsyan, Anna M."]
[Black "Cyfka, Karina"]
[Result "1/2-1/2"]
[WhiteElo "2402"]
[BlackElo "2409"]
[Annotator "NA"]
[PlyCount "68"]
[EventDate "2021.10.27"]
[EventType "swiss"]
[EventCountry "LAT"]
[Tiebreak "Cut1 Buchholz+Sonneborn-Berger (Swiss)"]
[SourceTitle "playchess.com"]
[Source "ChessBase"]
[SourceQuality "1"]
[TimeControl "40/6000+30:20/3000+30:900+30"]

1. e4 {[%emt 0:10:09]} e5 {[%emt 0:10:07]} 2. Nf3 {[%emt 0:00:09]} Nf6 {
[%emt 0:00:05]} 3. Nc3 {[%emt 0:01:57]} Nc6 {[%emt 0:00:05]} 4. d4 {[%emt 0:01:
17]} exd4 {[%emt 0:01:16]} 5. Nxd4 {[%emt 0:00:11]} Bb4 {[%emt 0:00:09]} 6.
Nxc6 {[%emt 0:00:08]} bxc6 {[%emt 0:00:06]} 7. Bd3 {[%emt 0:00:06]} d5 {
[%emt 0:00:58]} 8. exd5 {[%emt 0:00:08]} O-O {[%emt 0:00:15]} 9. O-O {[%emt 0:
00:06]} Bg4 {[%emt 0:01:19]} 10. Be2 {[%emt 0:02:46]} Bxe2 {[%emt 0:01:00]} 11.
Nxe2 {[%emt 0:00:08]} cxd5 {[%emt 0:00:22]} 12. Nd4 {[%emt 0:00:08]} Qd7 {
[%emt 0:06:02]} 13. Qf3 {[%emt 0:01:56]} Rfe8 {[%emt 0:06:04]} 14. Be3 {
[%emt 0:14:34]} Bf8 {[%emt 0:16:39]} 15. Rad1 {[%emt 0:01:59]} c6 {[%emt 0:06:
29]} 16. h3 {[%emt 0:15:33]} Rac8 {[%emt 0:03:31]} 17. Nf5 {[%emt 0:01:37]} Qe6
{[%emt 0:08:54]} 18. Bd4 {[%emt 0:03:58]} Ne4 {[%emt 0:03:42]} 19. c4 {[%emt 0:
02:35]} g6 {[%emt 0:15:59]} 20. Ng3 {[%emt 0:08:49]} f5 {[%emt 0:02:16]} 21.
cxd5 {[%emt 0:02:06]} cxd5 {[%emt 0:02:36]} 22. Bxa7 {[%emt 0:00:26]} Ra8 {
[%emt 0:01:41]} 23. Bd4 {[%emt 0:00:16]} Rxa2 {[%emt 0:01:05]} 24. Ne2 {
[%emt 0:00:18]} Raa8 {[%emt 0:02:49]} 25. Nf4 {[%emt 0:02:20]} Qf7 {[%emt 0:01:
43]} 26. Bb6 {[%emt 0:05:45]} Bg7 {[%emt 0:07:13]} 27. Nxd5 {[%emt 0:03:28]}
Ra2 {[%emt 0:01:01]} 28. Rfe1 {[%emt 0:07:07]} Rxb2 {[%emt 0:00:43]} 29. Qa3 {
[%emt 0:00:21]} Rd2 {[%emt 0:06:56]} 30. Nc7 {[%emt 0:09:18]} Rxd1 {[%emt 0:00:
50]} 31. Rxd1 {[%emt 0:00:02]} Rf8 {[%emt 0:00:33]} 32. f3 {[%emt 0:02:30]} Nc3
{[%emt 0:00:43]} 33. Re1 {[%emt 0:02:24]} Nd5 {[%emt 0:01:18]} 34. Nxd5 {
[%emt 0:02:03]} Qxd5 {[%emt 0:00:05]} 1/2-1/2